|
|
|
|
| LEADER |
00987nam a2200205 i 4500 |
| 001 |
c000130307 |
| 003 |
CARM |
| 005 |
00000000000000.0 |
| 008 |
850201s1960 ne 0 eng d |
| 019 |
1 |
|
|a 10227462
|5 LACONCORD2021
|
| 035 |
|
|
|a (OCoLC)2852039
|5 LACONCORD2021
|
| 100 |
1 |
|
|a Moodie, Donald,
|d 1794-1861.
|
| 245 |
1 |
0 |
|a The record :
|b or, A series of official papers relative to the condition and treatment of the native tribes of South Africa /
|c Compiled, translated and edited by Donald Moodie.
|
| 260 |
|
|
|a Amsterdam :
|b A.A. Balkema,
|c 1960.
|
| 300 |
|
|
|a 446, 112, 60 p. :
|b illus.
|
| 500 |
|
|
|a Reprint of parts 1, 3 and 5 of the work originally published in sections from 1838-1841 at Cape Town.
|
| 650 |
|
0 |
|a Indigenous peoples
|z South Africa.
|
| 852 |
8 |
|
|b CARM
|h A2:AF15C0
|i D00944
|p 0063547
|f BK
|
| 999 |
f |
f |
|i e763fdb1-4e05-5342-b4f9-83261479e750
|s ce52c36d-486b-59d2-b4f5-e314535248ff
|
| 952 |
f |
f |
|p Can circulate
|a CAVAL
|b CAVAL
|c CAVAL
|d CARM 1 Store
|e D00944
|f A2:AF15C0
|h Other scheme
|i book
|m 0063547
|